| 000 | 00569 a2200157 4500 | ||
|---|---|---|---|
| 020 | _a9690005081 (hardcover) | ||
| 020 | _a9789690005083 (hardcover) | ||
| 090 |
_c4470 _d4470 |
||
| 100 | 1 | _aMus, Raza Muhajir Ali. | |
| 245 | 1 | 0 |
_aFerozsons urdu - english dictionary : _ba comprehensive dictionary of current vocabulary / _cRaza Muhajir Ali Mus. |
| 250 | _a2nd ed. | ||
| 260 |
_a[S.l.] : _bFerozsons Ltd, _c1988. |
||
| 300 |
_a831 p. ; _c23 cm. |
||
| 856 | 4 | 0 |
_3Amazon.com _uhttp://www.amazon.com/exec/obidos/ASIN/9690005081/chopaconline-20 |
| 942 |
_aNBS _cBK _k491.439 FER |
||
| 999 |
_c346913 _d346913 |
||